| 000 | 00000nam##2200000za#4500 |
| 001 | 9.696151 |
| 003 | CaOODSP |
| 005 | 20210624234913 |
| 007 | cr ||||||||||| |
| 008 | 150407|2007||||xxc|||||o f|0| 0 eng|d |
| 040 | |aCaOODSP|beng |
| 043 | |an-cn--- |
| 086 | 1 |aH128-1/07-497E-PDF |
| 110 | 1 |aCanada. |bHealth Canada. |
| 245 | 10|aOn the road to quitting - guide to becoming a non-smoker |h[electronic resource] |
| 260 | |aOttawa - Ontario : |bHealth Canada |cc2007. |
| 300 | |a40p.|bphotographs |
| 500 | |aThe catalogue number (H128-1/07-497E) and ISBN (978-0-662-45528-8) for the print edition have been incorrectly copied in this electronic publication. |
| 520 | 3 |aThis booklet is intended to help people quit smoking. It discusses the benefits of quitting and offers suggestions to increase the chances that a smoker will quit for good, such as committing to a quit date, getting support, choosing the right quit method, and devising ways to cope with withdrawal. It also includes suggestions for developing an action plan for quitting and a card reader to track their smoking habits. Written in an upbeat, motivational style. |
| 590 | |a12-21-Supp|b2012-05-18 |
| 690 | 07|aSmoking prevention|2gcpds |
| 775 | 08|tSur la voie de la réussite - guide pour devenir un non-fumeur |w(CaOODSP)9.640271 |
| 776 | 0#|tOn the road to quitting : |w(CaOODSP)9.650644 |
| 856 | 40|ahttp://publications.gc.ca|qPDF|s1.26 MB|uhttps://publications.gc.ca/collections/collection_2012/sc-hc/H128-1-07-497-eng.pdf |
| 986 | |aHC Pub.: 4395 |